000 007180000a22002290004500
003 LK-CoMWRAF
005 20240113164139.0
008 230817t2002 ||||| |||| 00| 0 eng d
020 _a9558610119
040 _aLK-CoMWRAF
_dLK-CoMWRAF
_eLK-CoMWRAF
041 _aeng
082 _a341.481
_bALL
245 _aAll her worldly goods :
_bwomen's property and inheritance rights
260 _aColombo:
_bCentre for Women's Research,
_c2002
300 _a78 p. ; 26 cm.
_bBibliography included
490 _aStudy series
_vno.30
650 _aInheritance and succession- Sri Lanka
650 _aSpouse's share- Sri Lanka
650 _aWomen- Legal status, laws,
700 _aWijayatilake ,Kamalini
_eed.
942 _cBK
999 _c553
_d553